Annual review of biochemistry. V 52 (Record no. 28631)

MARC details
000 -LEADER
fixed length control field 00493nam a2200193Ia 4500
082 ## - DEWEY DECIMAL CLASSIFICATION NUMBER
Classification number 577.1
Item number ANN.52
245 #0 - TITLE STATEMENT
Title Annual review of biochemistry. V 52
260 ## - PUBLICATION, DISTRIBUTION, ETC. (IMPRINT)
Place of publication California
Name of publisher Annual Reviews
Year of publication 1983
650 ## - SUBJECT ADDED ENTRY--TOPICAL TERM
Topical Term Biochemistry
650 ## - SUBJECT ADDED ENTRY--TOPICAL TERM
Topical Term Energy coupling
650 ## - SUBJECT ADDED ENTRY--TOPICAL TERM
Topical Term Enzyme catalysis
650 ## - SUBJECT ADDED ENTRY--TOPICAL TERM
Topical Term Fatty acid
650 ## - SUBJECT ADDED ENTRY--TOPICAL TERM
Topical Term Gluconeogenesis
650 ## - SUBJECT ADDED ENTRY--TOPICAL TERM
Topical Term Glutathione
650 ## - SUBJECT ADDED ENTRY--TOPICAL TERM
Topical Term Lipoprotein
650 ## - SUBJECT ADDED ENTRY--TOPICAL TERM
Topical Term Vitamin D
942 ## - ADDED ENTRY ELEMENTS (KOHA)
Koha item type Books
Holdings
Withdrawn status Lost status Damaged status Not for loan Home library Current library Date acquired Full call number Accession Number Koha item type
        RRII Library RRII Library 16/12/2021 577.1 ANN.52 09227 Books